The effective corrections manager : (Record no. 1170)
[ view plain ]
| 000 -LEADER | |
|---|---|
| fixed length control field | 02476nac a22002531u 4500 |
| 010 ## - LIBRARY OF CONGRESS CONTROL NUMBER | |
| LC control number | 2004011541 |
| 020 ## - INTERNATIONAL STANDARD BOOK NUMBER | |
| International Standard Book Number | 0763733113 (hardcover : alk. paper) |
| 082 00 - DEWEY DECIMAL CLASSIFICATION NUMBER | |
| Classification number | 365.068 |
| Item number | P5581 |
| 090 ## - LOCALLY ASSIGNED LC-TYPE CALL NUMBER (OCLC); LOCAL CALL NUMBER (OCLC) | |
| -- | 1170 |
| -- | 1170 |
| 100 ## - MAIN ENTRY--PERSONAL NAME | |
| Personal name | Phillips, Richard L. |
| 245 14 - TITLE STATEMENT | |
| Title | The effective corrections manager : |
| Remainder of title | correctional supervision for the future / |
| Statement of responsibility, etc | Richard L. Phillips, Charles R. McConnell. |
| 250 ## - EDITION STATEMENT | |
| Edition statement | 2nd ed. |
| 260 ## - PUBLICATION, DISTRIBUTION, ETC. (IMPRINT) | |
| Place of publication, distribution, etc | Boston, Mass. : |
| Name of publisher, distributor, etc | Jones and Bartlett Publishers,2005 |
| Date of publication, distribution, etc | 2005. |
| 300 ## - PHYSICAL DESCRIPTION | |
| Extent | xxi, 500 p. : |
| Other physical details | ill. ; |
| Dimensions | 26 cm. |
| 504 ## - BIBLIOGRAPHY, ETC. NOTE | |
| Bibliography, etc | Includes bibliographical references and index. |
| 505 0# - FORMATTED CONTENTS NOTE | |
| Formatted contents note | Evolving in a changing environment -- Is corrections really different? -- The nature of supervision : corrections and everywhere -- Definitions, titles, and other intangibles -- The basic management functions -- Delegation : how to form the habit -- Time management : expanding the day without stretching the clock -- Self-management and personal supervisory effectiveness -- Interviewing : the key to the hiring process -- The one-to-one relationship -- Leadership : style and substance -- Organizational communication : looking up, down, and laterally -- Motivation : intangible forces working for and against management -- Performance appraisal : cornerstone of employee development -- Criticism and discipline : guts, tact, and justice -- The problem employee and employee problems -- The supervisor and the human resource department -- Ethics and ethical standards -- Decisions, decisions -- Managing change : resistance is where you find it -- Communication : not by spoken word alone -- How to arrange and conduct effective meetings -- Budgeting : annual task and year-long implications -- Quality and productivity : sides of the same coin -- Teams, team building, and teamwork -- Methods improvement : making work--and life--easier -- Reengineering and reduction in force -- Training and continuing education -- The supervisor and the law -- Unions : building constructive relationships. |
| 650 #0 - SUBJECT ADDED ENTRY--TOPICAL TERM | |
| Topical term or geographic name as entry element | Prison administration |
| Geographic subdivision | United States. |
| 650 #0 - SUBJECT ADDED ENTRY--TOPICAL TERM | |
| Topical term or geographic name as entry element | Correctional personnel |
| Geographic subdivision | United States. |
| 650 #0 - SUBJECT ADDED ENTRY--TOPICAL TERM | |
| Topical term or geographic name as entry element | Personnel management |
| Geographic subdivision | United States. |
| 700 1# - ADDED ENTRY--PERSONAL NAME | |
| Personal name | McConnell, Charles R. |
| 856 41 - ELECTRONIC LOCATION AND ACCESS | |
| Materials specified | Table of contents |
| Uniform Resource Identifier | <a href="http://www.loc.gov/catdir/toc/ecip0418/2004011541.html">http://www.loc.gov/catdir/toc/ecip0418/2004011541.html</a> |
| 942 ## - ADDED ENTRY ELEMENTS (KOHA) | |
| Item type | Book - Borrowing |
| Call number prefix | 365.068P5581 |
| Withdrawn status | Item status | Source of classification or shelving scheme | Damaged status | Not for loan | Vendor | Home library | Current library | Shelving location | Date acquired | Source of acquisition | Cost, normal purchase price | Total Checkouts | Total Renewals | Full call number | Barcode | Date last seen | Date last borrowed | Cost, replacement price | Koha item type |
|---|---|---|---|---|---|---|---|---|---|---|---|---|---|---|---|---|---|---|---|
| Dewey Decimal Classification | Central Library | Central Library | First floor | 24/08/2006 | 228.20 | 7 | 8 | 365.068 PHI | 000003322 | 15/07/2025 | 11/12/2017 | 285.25 | Book - Borrowing |